| 000 | 00714cam a2200229 4500500 | ||
|---|---|---|---|
| 005 | 20260405002108.0 | ||
| 041 | _afre | ||
| 042 | _adc | ||
| 100 | 1 | 0 |
_aFleury, Pauline _eauthor |
| 245 | 0 | 0 | _aPosition philosophique 3. Les migrants, un atout pour l’économie et la démographie |
| 260 | _c2015. | ||
| 500 | _a1 | ||
| 690 | _aConséquentialisme | ||
| 690 | _aÉconomie | ||
| 690 | _aEmploi | ||
| 690 | _aFrançois Héran | ||
| 690 | _aJoseph Carens | ||
| 690 | _aMigrants | ||
| 690 | _aréfugiés | ||
| 786 | 0 | _nPhilosophie magazine | 94 | 11 | 2015-11-01 | p. 15-15 | 1951-1787 | |
| 856 | 4 | 1 | _uhttps://shs.cairn.info/magazine-philosophie-magazine-2015-11-page-15?lang=fr&redirect-ssocas=7080 |
| 999 |
_c2054184 _d2054184 |
||